| 000 | 00000nam##2200000za#4500 |
| 001 | 9.611734 |
| 003 | CaOODSP |
| 005 | 20211126112846 |
| 007 | ta |
| 008 | 150406|1995||||xxc||||| f|0| 0 eng|d |
| 020 | |a0-662-22889-8 |
| 022 | |a1192-5434 |
| 040 | |aCaOODSP|beng |
| 043 | |an-cn--- |
| 086 | 1 |aFB3-2/95-1E |
| 110 | 2 |aBank of Canada. |
| 245 | 10|aDeriving agents' inflation forecasts from the term structure of interest rates / |cby Christopher Ragan. |
| 260 | |aOttawa - Ontario : |bBank of Canada |c1995. |
| 300 | |a32p. : |bgraphs, references ; |c28 cm. |
| 490 | 1 |aWorking paper|x1192-5434|v95-1 |
| 500 | |a"In this paper, the author uses the term structure of nominal interest rates to construct estimates of agents' expectations of inflation over several medium-term forecast horizons. The Expectations Hypothesis is imposed together with the assumption that expected future real interest rates are given by current real rates."--Abstract. |
| 520 | 3 |aIn this paper, the author uses the term structure of nominal interest rates to construct estimates of agents' expectations of inflation over several medium-term forecast horizons. The Expectations Hypothesis is imposed together with the assumption that expected future real interest rates are given by current real rates.--Abstract |
| 546 | |aRésumés en français |
| 563 | |aSoftcover |
| 590 | |a95-11|b1995-03-17 |
| 690 | 07|aInterest rates|2gcpds |
| 720 | 1 |aRagan, Christopher |
| 776 | 0#|tDeriving agents' inflation forecasts from the term structure of interest rates / |w(CaOODSP)9.571632 |
| 830 | #0|aWorking paper,|x1192-5434|v95-1|w(CaOODSP)9.514622 |